| 000 | 00000nam##2200000za#4500 |
| 001 | 9.580981 |
| 003 | CaOODSP |
| 005 | 20251031142446 |
| 007 | cr ||||||||||| |
| 008 | 150406|2012||||xxc|||||o f|0| 0 eng|d |
| 040 | |aCaOODSP|beng |
| 043 | |an-cn--- |
| 086 | 1 |aM183-2/7001E-PDF |
| 110 | 2 |aGeological Survey of Canada. |
| 245 | 10|aRecurrence rates and b values for global in-slab earthquakes / |h[electronic resource]|c[by] A.L. Bent and H. Greene. |
| 260 | |aOttawa - Ontario : |bNatural Resources Canada. |c2012. |
| 300 | |a60p.|bfigs., references, tables |
| 490 | 1 |aOpen file (Geological Survey of Canada)|v7001 |
| 590 | |a14-19-Supp|b2014-11-03 |
| 830 | #0|aOpen file (Geological Survey of Canada)|v7001|w(CaOODSP)9.506878 |
| 856 | 40|ahttp://publications.gc.ca|qPDF|s5.02 MB|uhttps://publications.gc.ca/collections/collection_2014/rncan-nrcan/M183-2-7001-eng.pdf|y7001 |